| 000 | 00403 a2200133 4500 | ||
|---|---|---|---|
| 005 | 20250619103511.0 | ||
| 020 | _a9987-694-30-3 | ||
| 082 | _a658 GAM | ||
| 100 | _aGAMBA,Shem Koheleth | ||
| 245 | _aPrinsciples of Management Workbook Series The Tanzania Institute of Bankers | ||
| 260 |
_aTanzania _bThe tanzanian institute of Bankers _c2015 |
||
| 300 |
_axviii,495p.;ill,picture _c25cm |
||
| 942 |
_2ddc _cBKS |
||
| 999 |
_c4404 _d4404 |
||